Grounding Grid Fault Detection System / (Record no. 615325)

000 -LEADER
fixed length control field 00739nam a2200169 4500
040 ## - CATALOGING SOURCE
Transcribing agency NUST
082 ## - DEWEY DECIMAL CLASSIFICATION NUMBER
Classification number 621.382,SAM
100 ## - MAIN ENTRY--PERSONAL NAME
Personal name Sammar (BEE-58 / TCC-33)
9 (RLIN) 131740
245 ## - TITLE STATEMENT
Title Grounding Grid Fault Detection System /
Statement of responsibility, etc. Sammar, Touseef, Shahzeb and Talha Rahim (BEE-58 /TCC-33)
260 ## - PUBLICATION, DISTRIBUTION, ETC.
Place of publication, distribution, etc. Rawalpindi
Name of publisher, distributor, etc. MCS (NUST)
Date of publication, distribution, etc. 2025
300 ## - PHYSICAL DESCRIPTION
Extent xii, 59p.'
505 ## - FORMATTED CONTENTS NOTE
Formatted contents note introduction and System overview (Page-1), Literature Review (Page-11), Project Design and Implementation (Page-21), Hardware tools and Software (Page-37), Conclusion and Future Work (Page-55),References (Page-58).
650 ## - SUBJECT ADDED ENTRY--TOPICAL TERM
Topical term or geographic name entry element UG Project
9 (RLIN) 131132
651 ## - SUBJECT ADDED ENTRY--GEOGRAPHIC NAME
Geographic name BEE-58 / TCC-33
9 (RLIN) 131735
700 ## - ADDED ENTRY--PERSONAL NAME
Personal name Supervised by Asst Prof Dr. Ammad Jadoon
9 (RLIN) 131741
942 ## - ADDED ENTRY ELEMENTS (KOHA)
Source of classification or shelving scheme
Koha item type Project Report
Holdings
Withdrawn status Lost status Source of classification or shelving scheme Damaged status Not for loan Permanent Location Current Location Shelving location Date acquired Total Checkouts Full call number Barcode Date last seen Price effective from Koha item type Public note
          Military College of Signals (MCS) Military College of Signals (MCS) Reference 11/07/2025   621.382,SAM MCSPTE-348 11/07/2025 11/07/2025 Project Report Almirah No.70, Shelf No.5
© 2023 Central Library, National University of Sciences and Technology. All Rights Reserved.